Nahujevicsi

Bibliographic Details
Main Author: Pollack, Martin, 1944-2025 (Author)
Other Authors: Halasi, Zoltán, 1954- (Translator)
Format: Article
Language:Slovak
Hungarian
German
ISSN:1335-1826
Subjects:

MARC

LEADER 00000nab a2200000 a 4500
001 vtls009350228
003 SK-MaSNL
005 20260304151702.0
008 250506c2008 xo |||||||| |000 b|slo
015 |a SNBRB2008/10  |2 snkbucl 
035 |a (uuid)7b7896af-0b8e-41f7-a2b6-7c8fdfca4980 
035 |a urn:nbn:sk:snk-ab1wqh 
035 |a (urnnbn)urn:nbn:sk:snk:ar-a0158x 
038 |a SNKBUCL 
040 |a SNKBUCL  |b slo  |c SNKBUCL  |e AACR2 
041 1 |a hun  |h ger 
044 |a xo  |c SK 
080 |a 821.112.2-31=511.141  |2 1997 
100 1 |a Pollack, Martin,  |d 1944-2025  |4 aut  |9 251904 
245 1 0 |a Nahujevicsi  |c Martin Pollack ; fordította Halasi Zoltán 
500 |a Úryvok z románu Nach Galizien 
650 0 7 |a spoločenské romány, rakúske  |x úryvky  |2 snkbucl  |9 1401116 
700 1 |a Halasi, Zoltán,  |d 1954-  |4 trl  |9 117477 
773 0 |t Kalligram : művészet és gondolat  |g Évf. XVII, sz. június (2008), o. 63-65  |x 1335-1826 
850 |a Slovenská národná knižnica 
852 |a Slovenská národná knižnica 
958 |a article27 
958 |a OND 
958 |a HU 
958 |a LX 
958 |a AT 
958 |a EUIPO 
999 |c 2945271  |d 2947201